Addresses on education for use in declaiming, essay writing, and reading. (Record no. 19532)

MARC details
000 -LEADER
fixed length control field 00750cam a22002411 4500
001 - CONTROL NUMBER
control field e 13001289
003 - CONTROL NUMBER IDENTIFIER
control field DLC
005 - DATE AND TIME OF LATEST TRANSACTION
control field 20260227111200.0
008 - FIXED-LENGTH DATA ELEMENTS--GENERAL INFORMATION
fixed length control field 871216s1913 ncu s000 0 eng
010 ## - LIBRARY OF CONGRESS CONTROL NUMBER
LC control number e 13001289
035 ## - SYSTEM CONTROL NUMBER
System control number (OCoLC)17248170
040 ## - CATALOGING SOURCE
Original cataloging agency DLC
Transcribing agency AU
Modifying agency DLC
042 ## - AUTHENTICATION CODE
Authentication code premarc
050 00 - LIBRARY OF CONGRESS CALL NUMBER
Classification number LB7
Item number .A22
051 ## - LIBRARY OF CONGRESS COPY, ISSUE, OFFPRINT STATEMENT
Classification number LB7
Item number .A4
245 00 - TITLE STATEMENT
Title Addresses on education for use in declaiming, essay writing, and reading.
260 ## - PUBLICATION, DISTRIBUTION, ETC.
Place of publication, distribution, etc. Chapel Hill, N.C.,
Name of publisher, distributor, etc. The University,
Date of publication, distribution, etc. 1913.
300 ## - PHYSICAL DESCRIPTION
Extent 120 p.
Dimensions 23 cm.
490 0# - SERIES STATEMENT
Series statement University of North Carolina record, April, 1913,
Volume/sequential designation no. 108. Extension ser. no. 2
500 ## - GENERAL NOTE
General note Cover title.
500 ## - GENERAL NOTE
General note "Ed. by Professors L. R. Wilson and H. W. Chase."--p. 6.
650 #0 - SUBJECT ADDED ENTRY--TOPICAL TERM
Topical term or geographic name entry element Education.

No items available.

Powered by Koha